Departments of Nicaragua - Statistics

General Stats
  • This quiz has been taken 8,597 times
  • The average score is 10 of 17
Answers on the Map
Answers color-coded by a green-red scale on the quiz's map according to % correct below.
 
Answer Stats
Department % Correct
Managua
88%
Atlántico Norte
79%
Atlántico Sur
78%
León
64%
Río San Juan
63%
Granada
59%
Rivas
58%
Madriz
53%
Masaya
50%
Boaco
49%
Estelí
49%
Chinandega
47%
Jinotega
47%
Matagalpa
45%
Nueva Segovia
45%
Carazo
44%
Chontales
42%
No matching quizzes found
Score Distribution
Percent of People with Each Score
Percentile by Number Answered
Your Score History
You have not taken this quiz